00872nam a22002657a 4500999001500000001000600015003000900021005001700030008004100047020001800088040002800106082002300134110004400157245004900201250001800250260003700268300002500305650002700330700001200357700002400369700002300393740003000416942001200446952014800458 c8557d855722600BD-DhUAP20250308131148.0250308b20222024ii ||||| |||| 001 0ceng d a9789388918428 aDLCcDLCdBD-DhUAPbeng00a346.540436 MUL2231 aIndia (Republic).kLaws, statutes, etc.10aMulla on the Transfer of property act, 1882. aReprint 2024. aIndia :bDelhi Law House,c2024. acci, 1408 p.c25 cm. 0aTransfer (Law)zIndia.1 aMulla, 1 aBendale, Dr. Ujwala1 aShaik, Dr. Rasheed0 aTransfer of property act. 2ddccBK 00102ddc4070aUAPCLbUAPCLcGeneral Stacksd2025-03-08l1m2o346.540436 MULp3010022600r2025-08-31s2025-07-15t1v8790.00w2025-03-08yBK